书目信息 |
| 题名: |
考研数学历年试题解析
|
|
| 作者: | 恩波 主编 ;姜东平 , 陈华钧 编 | |
| 分册: | 数学四 | |
| 出版信息: | 北京 学苑出版社 2007.03 |
|
| 页数: | 208页 | |
| 开本: | 28cm | |
| 丛书名: | ||
| 单 册: | ||
| 中图分类: | O13-44 , O13-44 | |
| 科图分类: | ||
| 主题词: | 高等数学--gao deng shu xue--研究生--入学考试--试题 , 数学 | |
| 电子资源: | ||
| ISBN: | 7-5077-1793-3 | |
| 000 | 01108nam0 2200313 45 | |
| 001 | 2654773977 | |
| 005 | 20260108151549.66 | |
| 010 | @a7-5077-1793-3@dCNY18.20 | |
| 100 | @a20060914d2007 em y0chiy0121 ea | |
| 101 | 0 | @achi |
| 102 | @aCN@b110000 | |
| 105 | @aak q 000yy | |
| 200 | 1 | @a考研数学历年试题解析@AKao Yan Shu Xue Li Nian Shi Ti Jie Xi@i数学四@f恩波主编@FEn Bo Zhu Bian@g姜东平, 陈华钧编 |
| 205 | @a7版 | |
| 210 | @a北京@c学苑出版社@d2007.03 | |
| 215 | @a208页@c图@d28cm | |
| 330 | @a本书内含1994年至2005年数学三试题, 共十二套。书中在“解析”的同时, 重点突出“考点提示+思路点拨+技巧评点”。 | |
| 503 | @n河南城建学院图书馆 | |
| 512 | 1 | @a硕士研究生入学考试历年试题解析@Ashuo shi yan jiu sheng ru xue kao shi li nian shi ti jie xi@e2006@i数学三 |
| 517 | 1 | @a数学四@AShu Xue Si |
| 606 | 0 | @a高等数学@Agao deng shu xue@x研究生@x入学考试@j试题 |
| 606 | 0 | @a数学 |
| 690 | @aO13-44@v4 | |
| 690 | @aO13-44@v4 | |
| 701 | 0 | @a恩波@AEn Bo@4主编 |
| 702 | 0 | @a姜东平@Ajiang dong ping@4编 |
| 702 | 0 | @a陈华钧@Achen hua jun@4编 |
| 801 | 0 | @aCN@c20091217 |
| 905 | @dO13-44@eE046=7 | |
| 考研数学历年试题解析.数学四/恩波主编/姜东平, 陈华钧编.-7版.-北京:学苑出版社,2007.03 |
| 208页:图;28cm |
| ISBN 7-5077-1793-3:CNY18.20 |
| 本书内含1994年至2005年数学三试题, 共十二套。书中在“解析”的同时, 重点突出“考点提示+思路点拨+技巧评点”。 |
| ● |
| 相关链接 |
|
|
|
正题名:考研数学历年试题解析
索取号:O13-44/E046=7
 
预约/预借
| 序号 | 登录号 | 条形码 | 馆藏地/架位号 | 状态 | 备注 |
| 1 | 1574871 | 215748715 | 自科库401/ [索取号:O13-44/E046=7] | 在馆 |